000 00419nam a2200181Ia 4500
001 21126
005 20260306172856.0
008 260306t2014||||xx |||||||||||||| ||spa||
041 _aESP
082 _a344
_bT26
100 _aTavares, Juarez
_eAUT
245 0 _aRacionalidad y derecho penal
260 _c2014
300 _a254 páginas :
_c24 cm.
650 _aGEN
654 _aCDE
942 _cLIB
_dJUS
_fJUS
_2ddc
_n
999 _c21126
_d21126